000 00526nam a22001937a 4500
003 OSt
005 20140310184500.0
008 121112t xxu||||| |||| 00| 0 eng d
020 _a0439699908
050 _aPZ 7
_b.B75234Ru 2004
100 _aBridges, Shirin Yim
_930214
245 _aRuby's Wish /
_cShirin Yim Bridges; illustrated by Sophie Blackall
260 _aNew York :
_bScholastic Inc.,
_c2004.
300 _bcol. ill. ;
_c26 cm.
521 _aG4
526 _c600
942 _2lcc
_cBK-SCHOLAS
999 _c34720
_d34720